Finnish Idioms - Statistics

General Stats
  • This quiz has been taken 445 times
  • The average score is 12 of 17
Answer Stats
% Correct
Kolmas kerta ____ sanoo toden
99%
Ei tippa____ tapa
96%
Mikä ei tapa, se ____ vahvistaa
94%
Makuasioista ei voi _____ kiistellä
89%
Tehdä kärpäsestä ____ härkänen
88%
Haukkua väärää ____ puuta
86%
Kosto on _____ suloinen
86%
Suku on _____ pahin
85%
Äly hoi, älä _____ jätä
84%
Ei kahta ilman _____ kolmatta
84%
Lopussa _____ seisoo kiitos
81%
Tyhmä kuin ____ saapas
79%
Ei haukku ______ tee haavaa
66%
Kun _____ kirstuun kilahtaa kolikko
62%
Kuin _____ vain vettä
36%
Koira ______ haudattuna
16%
Aika ______ näyttää
8%
No matching quizzes found
Score Distribution
Percent of People with Each Score
Percentile by Number Answered
Your Score History
You have not taken this quiz